ARRUPE JESUIT UNIVERSITY

CORONAVIRUS -STOP THE SPREAD - CLEAN,DISINFECT,COVER

English grammar in use: (Record no. 121824)

MARC details
000 -LEADER
fixed length control field 00571nam a22001577a 4500
008 - FIXED-LENGTH DATA ELEMENTS--GENERAL INFORMATION
fixed length control field 150120b xxu||||| |||| 00| 0 eng d
020 ## - INTERNATIONAL STANDARD BOOK NUMBER
International Standard Book Number 0521287235
020 ## - INTERNATIONAL STANDARD BOOK NUMBER
International Standard Book Number 052133683X
050 ## - LIBRARY OF CONGRESS CALL NUMBER
Classification number PE1112.M978
100 ## - MAIN ENTRY--PERSONAL NAME
Personal name Murphy, Raymond
9 (RLIN) 14419
245 ## - TITLE STATEMENT
Title English grammar in use:
Remainder of title A self-study reference and practice book for intermediate students With Answers/
Statement of responsibility, etc Raymond Murphy.
260 ## - PUBLICATION, DISTRIBUTION, ETC. (IMPRINT)
Place of publication, distribution, etc Cambridge:
Name of publisher, distributor, etc Cambridge University Press,
Date of publication, distribution, etc 1985.
300 ## - PHYSICAL DESCRIPTION
Extent viii, 328p.
Dimensions 24 cm.
650 ## - SUBJECT ADDED ENTRY--TOPICAL TERM
Topical term or geographic name as entry element English language
Form subdivision Grammar- problems, exercises
9 (RLIN) 14420
942 ## - ADDED ENTRY ELEMENTS (KOHA)
Source of classification or shelving scheme Library of Congress Classification
Item type Monograph ( Printed materials)
Holdings
Withdrawn status Lost status Source of classification or shelving scheme Damaged status Not for loan Collection code Home library Current library Shelving location Date acquired Total Checkouts Full call number Barcode Date last seen Date last borrowed Copy number Price effective from Koha item type
    Library of Congress Classification     Main Collection ARRUPE LIBRARY ARRUPE LIBRARY Main Collection 20/01/2015 1 PE1112.M978 46500003087 27/02/2019 14/04/2016 1 20/01/2015 Monograph ( Printed materials)

 

Arrupe Library. PO Box MP320 Mt Pleasant, Harare, Zimbabwe
263 242 745411|librarian@aju.ac.zw